Responses for Show #6428 - Wednesday, July 25, 2012

Contestants

[<< previous game]

Sue Meloy, a retired software engineer from Lincoln, California

Doug Thornton, an information technology manager from Chesterfield, Virginia

Andy Baggarly, a journalist and author from Palo Alto, California (whose 3-day cash winnings total $60,402)

[next game >>]

Jeopardy! Round responses

ABBREVIATED MAGAZINES
THE 1870s
I'VE GOT A 6-PACK
ON BASS & DRUMS
(Alex: We want you to name the group.)
"GAS" UP
ODE TRIP
    $200 24
(Alex: With a minute to go.)

Field & Stream

Sue
    $200 13
(Sue: What is Smith & Wesson?)

(Samuel) Colt

DougSue
    $200 1
Anheuser-Busch

Andy
    $200 7
The Beach Boys

Andy
    $200 6
a gas mask

Doug
    $200 21
spring

Andy
    $400 25
Motor Trend

Andy
    $400 14
(Doug: Who is Joseph Smith?)

Brigham Young

AndyDoug
    $400 2
Coors

Doug
    $400 9
the Eagles

Doug
    $400 8
a gasket

Doug
    $400 22
Venice

Sue
    $600 26
Southern Living

Andy
    $600 18
Boss Tweed

Doug
    $600 3
Corona

Andy
    $600 10
Green Day

Triple Stumper
    $600 15
(Alex: I have never heard the term either--what is [*]?)

gaslight

Triple Stumper
    $600 23
a cat

Doug
    $800 27
Food & Wine

Andy
    $2,000 19
the Boardwalk

Doug
    $800 4
Guinness

Andy
    $800 11
Guns N' Roses

Doug
    $800 16
gastropods

Andy
    $800 29
Cromwell

Andy
    $1000 28
FamilyFun

Triple Stumper
    $1000 20
the Molly Maguires

Sue
    $1000 5
(Alex: Stay thirsty, my friend.)

Dos Equis

Sue
    $1000 12
the Kings of Leon

Triple Stumper
    $1000 17
Gascony

Sue
    $1000 30
autumn

Triple Stumper

Scores at the first commercial break (after clue 15):

Andy Doug Sue
$2,200 $2,000 $800

Scores at the end of the Jeopardy! Round:

Andy Doug Sue
$5,800 $5,200 $3,400

Double Jeopardy! Round responses

NASHVILLE, GEOGRAPHIC
LONG-RUNNING BROADWAY PLAY TITLES
BIOGRAPHIES
____ OF ____
FLORA OF CENTRAL AMERICA
WORDS FROM ARABIC
    $400 2
(Doug: What is the Tennessee?)

the Cumberland

DougSue
    $400 10
Old Lace

Sue
    $400 18
Sam Houston

Doug
    $400 1
the line of scrimmage

Andy
    $400 3
erosion

Andy
    $400 8
Swahili

Andy
    $800 4
Old Hickory

Andy
    $800 14
in the Park

Doug
    $800 19
Marilyn Monroe

Sue
    $800 27
the Ides of March

Sue
    $800 6
(Alex: That's a big tree.)

the Mayans

Andy
    $800 11
coffee

Sue
    $1200 5
Clarksville

Sue
    $1200 15
Smokey Joe's

Triple Stumper
    $1,200 21
(Alfred) Nobel

Andy
    $1200 28
(Doug: What are parts of speech?)

figures of speech

AndyDoug
    $3,000 23
(Sue: What is nectar?)

pollen

Sue
    $1200 12
mummy

Andy
    $1600 7
the Parthenon

Sue
    $1600 16
Butterflies

Doug
    $1600 22
Corazon Aquino

Sue
    $1600 29
plaster of Paris

Sue
    $1600 24
(Alex: About a minute to go now.)

buttresses

Sue
    $1600 13
Jasmine

Doug
    $2000 9
Cedars of Lebanon State Park

Doug
    $2000 17
Babies

Triple Stumper
    $2000 26
Charlemagne

Sue
    $2000 30
(Andy: What is the Isle of Wight?)

the Isle of Man

AndyDoug
    $2000 25
a strangler fig

Sue
    $2000 20
nadir

Andy

Scores at the end of the Double Jeopardy! Round:

Andy Doug Sue
$12,200 $12,000 $15,200

[wagering suggestions for these scores]

Final Jeopardy! Round responses

NEW OLYMPIC SPORTS
DougWhat is trampoline?
$10,000
AndyWhat is sumo wrestling?
$11,801
SueWhat is f fencing?
$9,201
trampoline

Final scores:

Andy Doug Sue
$399 $22,000 $5,999
3rd place: $1,000 New champion: $22,000 2nd place: $2,000

Game dynamics:

Coryat scores:

Andy Doug Sue
$12,200 $10,800 $18,200
20 R
(including 1 DD),
1 W
15 R
(including 1 DD),
3 W
17 R,
2 W
(including 1 DD)

Combined Coryat: $41,200

[game clues] [game scores] [suggest correction]

Game tape date: 2012-03-14
The J! Archive is created by fans, for fans. Scraping, republication, monetization, and malicious use prohibited; this site may use cookies and collect identifying information. See terms. The Jeopardy! game show and all elements thereof, including but not limited to copyright and trademark thereto, are the property of Jeopardy Productions, Inc. and are protected under law. This website is not affiliated with, sponsored by, or operated by Jeopardy Productions, Inc. Join the discussion at JBoard.tv.